ARRUPE JESUIT UNIVERSITY

CORONAVIRUS -STOP THE SPREAD - CLEAN,DISINFECT,COVER

Joshua, Judges, and Ruth / (Record no. 124940)

MARC details
000 -LEADER
fixed length control field 01104cam a2200325 a 4500
001 - CONTROL NUMBER
control field 2832272
003 - CONTROL NUMBER IDENTIFIER
control field ARRUPE
005 - DATE AND TIME OF LATEST TRANSACTION
control field 20160811153008.0
008 - FIXED-LENGTH DATA ELEMENTS--GENERAL INFORMATION
fixed length control field 830727s1977 enk b 001 0 eng
010 ## - LIBRARY OF CONGRESS CONTROL NUMBER
LC control number 83178267
020 ## - INTERNATIONAL STANDARD BOOK NUMBER
International Standard Book Number 0551007842
040 ## - CATALOGING SOURCE
Original cataloging agency DLC
Transcribing agency DLC
Modifying agency DLC
050 00 - LIBRARY OF CONGRESS CALL NUMBER
Classification number BS1295.3
Item number .G779
300 ## - PHYSICAL DESCRIPTION
Dimensions 23 cm.
100 1# - MAIN ENTRY--PERSONAL NAME
Personal name Gray, John,
Dates associated with a name 1913-2000.
9 (RLIN) 24864
245 10 - TITLE STATEMENT
Title Joshua, Judges, and Ruth /
Statement of responsibility, etc edited by John Gray.
250 ## - EDITION STATEMENT
Edition statement Rev. ed.
260 ## - PUBLICATION, DISTRIBUTION, ETC. (IMPRINT)
Place of publication, distribution, etc London :
Name of publisher, distributor, etc Thomas Nelson ,
Date of publication, distribution, etc c1967.
300 ## - PHYSICAL DESCRIPTION
Extent xii, 435p. ;
440 #0 - SERIES STATEMENT/ADDED ENTRY--TITLE
Title New century Bible
9 (RLIN) 24865
500 ## - GENERAL NOTE
General note Includes index.
504 ## - BIBLIOGRAPHY, ETC. NOTE
Bibliography, etc Bibliography: p. [xi]-xii.
630 00 - SUBJECT ADDED ENTRY--UNIFORM TITLE
Uniform title Bible.
Name of part/section of a work Joshua
General subdivision Commentaries.
9 (RLIN) 24866
630 00 - SUBJECT ADDED ENTRY--UNIFORM TITLE
Uniform title Bible.
Name of part/section of a work Judges
General subdivision Commentaries.
9 (RLIN) 24867
630 00 - SUBJECT ADDED ENTRY--UNIFORM TITLE
Uniform title Bible.
Name of part/section of a work Ruth
General subdivision Commentaries.
9 (RLIN) 24868
730 02 - ADDED ENTRY--UNIFORM TITLE
Uniform title Bible.
Name of part/section of a work Joshua.
Language of a work English.
Version Revised Standard.
Date of a work 1977.
9 (RLIN) 24869
730 02 - ADDED ENTRY--UNIFORM TITLE
Uniform title Bible.
Name of part/section of a work Judges.
Language of a work English.
Version Revised Standard.
Date of a work 1977.
9 (RLIN) 24870
730 02 - ADDED ENTRY--UNIFORM TITLE
Uniform title Bible.
Name of part/section of a work Ruth.
Language of a work English.
Version Revised Standard.
Date of a work 1977.
9 (RLIN) 24871
906 ## - LOCAL DATA ELEMENT F, LDF (RLIN)
a 7
b cbc
c orignew
d 3
e ncip
f 19
g y-gencatlg
942 ## - ADDED ENTRY ELEMENTS (KOHA)
Source of classification or shelving scheme Library of Congress Classification
Koha item type Monograph ( Printed materials)
Holdings
Withdrawn status Lost status Source of classification or shelving scheme Damaged status Not for loan Collection code Home library Current library Shelving location Date acquired Total Checkouts Full call number Barcode Date last seen Price effective from Koha item type
    Library of Congress Classification     Main Collection ARRUPE LIBRARY ARRUPE LIBRARY Main Collection 11/08/2016   BS1295.3G779 46500008528 11/08/2016 11/08/2016 Monograph ( Printed materials)

 

Arrupe Library. PO Box MP320 Mt Pleasant, Harare, Zimbabwe
263 242 745411|librarian@aju.ac.zw